Statistics for Best QB from every draft class since 2000

Click here to take the quiz!

General Stats

  • This quiz has been taken 24 times
  • The average score is 13 of 22

Answer Stats

YearQB% Correct
2017Patrick Mahomes
92%
2000Tom Brady
92%
2005Aaron Rodgers
88%
2020Justin Herbert
75%
2018Lamar Jackson
75%
2021Mac Jones
75%
2004Ben Roethlisberger
71%
2009Matthew Stafford
71%
2016Dak Prescott
67%
2001Drew Brees
67%
2019Kyler Murray
67%
2012Russell Wilson
67%
2015Jameis Winston
63%
2011Cam Newton
58%
2008Matt Ryan
58%
2014Derek Carr
50%
2003Carson Palmer
46%
2006Jay Cutler
33%
2013Mike Glennon
21%
2010Tim Tebow
17%
2002David Garrard
13%
2007Matt Moore
4%

Score Distribution

Percentile by Number Answered

Percent of People with Each Score

Your Score History

You have not taken this quiz